" El sentido fáctico de la realidad trascendente en el pensamiento de Jonh Locke "

Đã lưu trong:
Chi tiết về thư mục
Tác giả chính: Arce Delgado, Stanley
Định dạng: Sách
Ngôn ngữ:Undetermined
Được phát hành: San José, Costa Rica Universidad de Costa Rica, Facultad de Letras, Escuela de Filosofía 2007
Những chủ đề:
Các nhãn: Thêm thẻ
Không có thẻ, Là người đầu tiên thẻ bản ghi này!

MARC

LEADER 00000nam a2200000Ia 4500
008 170316s9999 xx 000 0 und d
040 |a cru BVZT 
090 |a TESIS 834 
100 |a Arce Delgado, Stanley 
245 |a " El sentido fáctico de la realidad trascendente en el pensamiento de Jonh Locke " 
260 |a San José, Costa Rica 
260 |b Universidad de Costa Rica, Facultad de Letras, Escuela de Filosofía 
260 |c 2007 
300 |a 207 páginas 
650 |a TRABAJO FINAL DE GRADUACIÓN 
650 |a LICENCIATURA EN FILOSOFÍA 
650 |a JOHN LOCKE 
999 |c 14503  |d 14503 
942 |c TFG  |h TESIS 834  |2 z